000 00512nam a2200181Ia 4500
003 GCL
008 140319s9999 xx 000 0 eng d
040 _aGCL /
_cGCL
082 0 4 _a160
_bF M
100 1 _aFORBES, GRAEME
245 1 0 _aMODERN LOGIC: A TEXT IN ELEMENTARY SYMBOLIC LOGIC /
_cFORBES, GRAEME
260 _a[S.N] :
_bOXFORD UNIVERSITY PRESS ،
_c1994
300 _a397 P
650 0 4 _aLOGIC
650 0 4 _aLOGIC SYMBOLIC AND MATHEMATICAL
650 0 4 _aLOGIC, MODERN - 20 CENTURY
942 _2ddc
_cBK
999 _c11937
_d11937